Waste review recommendation for £35/t landfill tax rate (Record no. 71735)

MARC details
000 -LEADER
fixed length control field 01359cam a2200205 4500
001 - CONTROL NUMBER
control field WB3846-21
008 - FIXED-LENGTH DATA ELEMENTS--GENERAL INFORMATION
fixed length control field 021211n2002 000 0 eng u
035 ## - SYSTEM CONTROL NUMBER
System control number (Sirsi) u120724
245 ## - TITLE STATEMENT
Title Waste review recommendation for £35/t landfill tax rate
260 ## - PUBLICATION, DISTRIBUTION, ETC.
Date of publication, distribution, etc. 2002
490 ## - SERIES STATEMENT
Series statement RICS Environment Faculty News
Volume/sequential designation 9 December 2002, (1)
520 ## - SUMMARY, ETC.
Summary, etc. Chancellor's pre-budget statement contains plans to phase in a landfill tax of £35 per tonne in the medium to long term by tripling the current annual increase landfill tax escalator to £3 per tonne from 2005-06. The move is in line with one of the main recommendations of the waste strategy review that warned that without urgent action England's municipal waste would double in volume by 2020. The strategy review identified three key action areas including reduction, more recycling and boosting household responsibility. For the RICS Environment Faculty News: http://www.rics.org/ricscms/bin/show?class=News&template=/includes/shownews.html&id=4406 For 'Waste not want not: a strategy for tackling the waste problem in England: http://www.strategy.gov.uk/2002/waste/downloads/report.pdf
590 ## - LOCAL NOTE (RLIN)
Local note WB
650 ## - SUBJECT ADDED ENTRY--TOPICAL TERM
Topical term or geographic name entry element LANDFILL TAX
650 ## - SUBJECT ADDED ENTRY--TOPICAL TERM
Topical term or geographic name entry element WASTE STRATEGY
650 ## - SUBJECT ADDED ENTRY--TOPICAL TERM
Topical term or geographic name entry element RECYCLING
650 ## - SUBJECT ADDED ENTRY--TOPICAL TERM
Topical term or geographic name entry element LOCAL AUTHORITIES
690 ## - LOCAL SUBJECT ADDED ENTRY--TOPICAL TERM (OCLC, RLIN)
Topical term or geographic name as entry element ENVIRONMENTAL AND LAND CONSULTANCY-WASTE MANAGEMENT
942 ## - ADDED ENTRY ELEMENTS (KOHA)
Suppress in OPAC 0
Holdings
Withdrawn status Lost status Source of classification or shelving scheme Damaged status Not for loan Home library Current library Shelving location Date acquired Total Checkouts Full call number Barcode Date last seen Copy number Price effective from Koha item type
    Dewey Decimal Classification     London London News article 11/12/2002   WB3846-21 120724-1001 06/08/2019 1 06/08/2019 News article